Faculty of Law Library — Cairo University

Official Online Catalog

مكافحة ظاهرة انتشار المخدرات في المجتمع المصري / (Record no. 56949)

MARC details
000 -LEADER
fixed length control field 01433nam a2200301 4500
003 - CONTROL NUMBER IDENTIFIER
control field EG-GICUC
005 - DATE AND TIME OF LATEST TRANSACTION
control field 20260121101725.0
008 - FIXED-LENGTH DATA ELEMENTS--GENERAL INFORMATION
fixed length control field 260113s1994 ua ||||fr|||| 00| 0 ara d
040 ## - CATALOGING SOURCE
Original cataloging agency EG-GICUC
Language of cataloging ara
Transcribing agency EG-GICUC
Modifying agency EG-GICUC
Description conventions rda
041 0# - LANGUAGE CODE
Language code of text/sound track or separate title ara
082 04 - DEWEY DECIMAL CLASSIFICATION NUMBER
Classification number 343.421
Item number م ر . م
Edition number 21
092 04 - LOCALLY ASSIGNED DEWEY CALL NUMBER (OCLC)
Edition number 21
099 ## - LOCAL FREE-TEXT CALL NUMBER (OCLC)
Classification number Law1 10 343.421 م ر . م 1994 1006426
111 0# - MAIN ENTRY--MEETING NAME
Meeting name or jurisdiction name as entry element الندوة العلمية حول مكافحة ظاهرة انتشار المخدرات في المجتمع المصري،
Location of meeting :كلية الحقوق - جامعة القاهرة
Date of meeting or treaty signing فبراير 1993،
245 10 - TITLE STATEMENT
Title مكافحة ظاهرة انتشار المخدرات في المجتمع المصري /
Statement of responsibility, etc. تنظيم مركز بحوث ودراسات مكافحة الجريمة ومعاملة المجرمين، كلية الحقوق، جامعة القاهرة.
264 #1 - PRODUCTION, PUBLICATION, DISTRIBUTION, MANUFACTURE, AND COPYRIGHT NOTICE
Place of production, publication, distribution, manufacture الجيزة :
Name of producer, publisher, distributor, manufacturer مركز بحوث ودراسات مكافحة الجريمة،
Date of production, publication, distribution, manufacture, or copyright notice 1994.
300 ## - PHYSICAL DESCRIPTION
Extent 178 صفحة
Dimensions 24 سم
336 ## - CONTENT TYPE
Source rda content
Content type term text
337 ## - MEDIA TYPE
Source rda media
Media type term Computer
338 ## - CARRIER TYPE
Source rda carrier
Carrier type term Online Resource
504 ## - BIBLIOGRAPHY, ETC. NOTE
Bibliography, etc. note يشتمل على إرجاعات ببليوجرافية.<br/>
546 ## - LANGUAGE NOTE
Language note النص باللغة العربية
650 1# - SUBJECT ADDED ENTRY--TOPICAL TERM
Topical term or geographic name entry element التشريعات المتعلقة بالمخدرات.
Source of heading or term qrmak
651 1# - SUBJECT ADDED ENTRY--GEOGRAPHIC NAME
Source of heading or term qrmak
856 40 - ELECTRONIC LOCATION AND ACCESS
Uniform Resource Identifier <a href="https://fll.law.cu.edu.eg/fulltext/bks/B11-06426.pdf">https://fll.law.cu.edu.eg/fulltext/bks/B11-06426.pdf</a>
905 ## - Cataloger and Reviser Names
Cataloger Name: Ramy
942 ## - ADDED ENTRY ELEMENTS (KOHA)
Source of classification or shelving scheme Dewey Decimal Classification
Suppress in OPAC No
Koha item type Books
Edition 21
Holdings
Withdrawn status Lost status Source of classification or shelving scheme Damaged status Not for loan Collection Home library Current library Date acquired Total checkouts Full call number Barcode Date last seen Copy number Price effective from Koha item type
    Dewey Decimal Classification   Not for loan القانون الجنائي جــــامعة القــاهرة مكتبة كلية الحقوق - المبنى الرئيسي 13.01.2026   Law1 10 343.421 م ر . م 1994 1006426 C1 B10-06426 13.01.2026 1 13.01.2026 Books
    Dewey Decimal Classification     القانون الجنائي جــــامعة القــاهرة مكتبة كلية الحقوق - المبنى الرئيسي 07.05.2026   Law1 10 343.421 م ر . م 1994 1012249 C2 B10-12249 07.05.2026 2 07.05.2026 Books
    Dewey Decimal Classification     القانون الجنائي جــــامعة القــاهرة مكتبة كلية الحقوق - فـرع الشيخ زايد 07.05.2026   Law2 10 343.421 م ر . م 1994 1012250 C3 B10-12250 07.05.2026 3 07.05.2026 Books

© All rights reserved — Faculty of Law, Cairo University